000 00961nam a2200253Ia 4500
003 OSt
005 20220923222952.0
006 a|||||r|||| 00| 0
007 ta
008 220922b |||||||| |||| 00| 0 hin d
024 _a209,303
037 _cTextual
040 _aARTS
_cARTS
_bhin
041 _2hin
_ahin
082 _aO152,3:g(Y), M1;M5
100 _aलोधा, अमर सिंह जगराम
245 0 _aप्रेमचंदोत्तर हिन्दी उपन्यासों में सामाजिक चेतना
246 _aPremachandottar hindī upanyāsoan mean sāmājik chetanā
260 _aकानपुर
_b चिन्तन प्रका0
_c1985
300 _a368पृ.
_ccm.
650 _aहिन्दी साहित्य
_9156264
942 _hO152,3:g(Y), M1;M5
_cTEXL
_2CC
999 _c359876
_d359876